| 000 | 00931 a2200193 4500 | ||
|---|---|---|---|
| 003 | Nust | ||
| 005 | 20221226102522.0 | ||
| 010 | _a 76021178 | ||
| 020 |
_a0830669191 : _a0830659196 |
||
| 040 | _cNust | ||
| 082 | 0 | 0 | _a621.388,COL |
| 245 | 0 | 0 |
_aColor TV trouble factbook / _cby the editors of Electronic Technician/dealer. |
| 250 | _a3rd ed. | ||
| 260 |
_aBlue Ridge Summit, Pa. : _bG/L Tab Books, _c1976. |
||
| 300 |
_a434 p. : _bill. ; _c22 cm. |
||
| 505 | _aAdmiral (Page-1), Conadian General Electric (Page-72), Dumont (Page-76), Emerson(Page-79), General Electric (Page-86), Magnavox (Page-167), MGA (Page-255), Motorola (Page-261),Olympic (Page-276), Philco (Page-287), Philco-Ford (Page-290), RCA (Page-303), Setchell-Carlson (Page-362), Sylvania (Page-365),Truetone (Page-386), Westinghouse (Page-388), Zenith (Page-403), Miscellaneous (Page-419). | ||
| 650 | 0 |
_aColor television _xRepairing. _9105871 |
|
| 942 |
_2ddc _cBK |
||
| 999 |
_c183303 _d183303 |
||